Rozpoznaj państwo po obrazku - Statystyki

Ogólne statystyki
  • Ten quiz został rozwiązany 96 razy
  • Średni wynik to 10 z 16
Statystyki odpowiedzi
Obrazkowy Odpowiedź % Poprawnych
Japonia
99%
Australia
97%
Kanada
96%
Włochy
96%
Stany Zjednoczone
94%
Argentyna
90%
Niemcy
88%
Polska
87%
Norwegia
80%
Wielka Brytania
65%
Meksyk
56%
Panama
28%
Maroko
10%
Ukraina
8%
Kolumbia
6%
Peru
4%
Nie znaleziono quizów pasujących do podanych kryteriów
Rozkład punktacji
Procent ludzi z każdym wynikiem
Percentyl według liczby udzielonych odpowiedzi
Twoja historia wyników
Nie rozwiązałeś tego quizu